Statistiques concernant Mers et océans de France

Cliquez ici pour prendre le quiz!

Statistiques générales

  • Ce quiz a été pris 1 476 fois
  • Le résultat moyen est 19 sur 22

Statistiques - réponses

Territoire françaisMer ou Océan% Correct
Saint-BarthélemyOcéan Atlantique
99%
France métropolitaineOcéan Atlantique
99%
GuadeloupeOcéan Atlantique
99%
MartiniqueOcéan Atlantique
99%
GuyaneOcéan Atlantique
99%
Saint-Pierre-et-MiquelonOcéan Atlantique
99%
Saint-MartinOcéan Atlantique
99%
ClippertonOcéan Pacifique
96%
Nouvelle CalédonieOcéan Pacifique
96%
Polynésie FrançaiseOcéan Pacifique
96%
Wallis-et-FutunaOcéan Pacifique
96%
Terres australes et antarctiques françaisesOcéan Indien
94%
MayotteOcéan Indien
94%
RéunionOcéan Indien
94%
France métropolitaineMer Méditerranée
93%
France métropolitaineManche
92%
France métropolitaineMer du Nord
86%
Saint-BarthélemyMer des Caraïbes
74%
Saint-MartinMer des Caraïbes
74%
MartiniqueMer des Caraïbes
74%
GuadeloupeMer des Caraïbes
74%
Nouvelle CalédonieMer de Corail
25%

Distribution des résultats

Percentile par nombre de réponses

% des personnes avec chaque résultat

Votre développement - résultats

Vous n’avez pas pris ce quiz